000 00628nam a22001697a 4500
999 _c129845
_d129845
008 190919b ||||| |||| 00| 0 eng d
050 _aSPC. DT1.T50 D329
100 _aDekwende, Trust
_948160
245 _aKant's cosmopolilitan ideal of peace and its implications on commerce and international trade: with special reference to Zimbabwe and WTO
_cTrust Dekwende
260 _aHarare
_bArrupe College
_c2014
300 _aiii, 125p. ;
_c31cm.
500 _aThesis
600 _aKant, Immanual
_948161
650 _aEconomics
_xEthical aspects
_948162
651 _aZimbabwe
_xEconomic conditions
_911115
942 _2lcc
_cSPC